Sports Quiz

Random Sports or Baseball Quiz

MLB 2010 Top 10 in WAR by Position Quiz Stats

 Plays Quiz not verified by Sporcle

Score 0/100 Timer 12:00
0 Plays Today
Position Name % Correct
Starting PitcherRoy Halladay
92.7%
First BaseAlbert Pujols
91.6%
CatcherJoe Mauer
84.6%
Starting PitcherC.C. Sabathia
84.4%
Relief PitcherMariano Rivera
84.4%
ShortstopHanley Ramirez
82.4%
ShortstopAlexei Ramirez
82.2%
Second BaseRobinson Cano
79.4%
Second BaseChase Utley
79%
First BaseAdrian Gonzalez
78.8%
ShortstopAlex Gonzalez
78.8%
Left FieldCarlos Gonzalez
78.8%
Starting PitcherFelix Hernandez
77.9%
Left FieldJosh Hamilton
76.2%
First BaseJoey Votto
74.9%
First BaseMiguel Cabrera
73.7%
Third BaseEvan Longoria
72.6%
Third BaseDavid Wright
70%
Third BaseChipper Jones
69.2%
Starting PitcherJosh Johnson
68.7%
Second BaseKelly Johnson
68.7%
Right FieldIchiro Suzuki
66.8%
CatcherBrian McCann
66.6%
ShortstopTroy Tulowitzki
65.7%
CatcherVictor Martinez
65.5%
Center FieldChris Young
65.3%
Left FieldCarl Crawford
64.9%
Relief PitcherBrian Wilson
64.9%
Starting PitcherAdam Wainwright
63%
Left FieldRyan Braun
62.7%
Third BaseAdrian Beltre
62.5%
ShortstopJose Reyes
62.3%
CatcherYadier Molina
62.1%
Starting PitcherUbaldo Jimenez
61.9%
Position Name % Correct
Relief PitcherRafael Soriano
61.9%
Left FieldMatt Holliday
61.5%
Center FieldB.J. Upton
60.2%
Second BaseDustin Pedroia
60%
CatcherBuster Posey
59.5%
Third BaseRyan Zimmerman
59.3%
Right FieldJustin Upton
59.1%
Right FieldJose Bautista
57.2%
Relief PitcherJoakim Soria
57.2%
Right FieldJayson Werth
56.7%
Second BaseDan Uggla
56.3%
First BaseJustin Morneau
55.9%
First BasePaul Konerko
55.9%
First BaseKevin Youkilis
55.9%
Second BaseIan Kinsler
55.5%
Starting PitcherDavid Price
53.5%
Third BaseScott Rolen
52.7%
Starting PitcherTim Hudson
51.2%
Right FieldNick Swisher
50.3%
Center FieldShane Victorino
49.9%
ShortstopStephen Drew
48.8%
First BaseAubrey Huff
48.6%
Right FieldJayson Heyward
48.2%
Right FieldNelson Cruz
47.8%
Center FieldVernon Wells
46.7%
Left FieldBrett Gardner
45.6%
CatcherCarlos Ruiz
43%
Relief PitcherBilly Wagner
42.4%
Second BaseMartin Prado
40.5%
Right FieldJay Bruce
39.2%
Right FieldShin-Soo Choo
38.8%
First BaseBilly Butler
38.5%
Starting PitcherClay Buchholz
37.3%
Second BaseRickie Weeks
37.3%
Position Name % Correct
Right FieldCorey Hart
34.7%
Second BaseOmar Infante
33.4%
CatcherGeovany Soto
33.2%
Center FieldAndrew McCutchen
32.8%
Starting PitcherJared Weaver
30.8%
ShortstopRafael Furcal
29.3%
CatcherMatt Wieters
29.1%
CatcherJohn Buck
28.1%
Center FieldMichael Bourn
27.6%
Center FieldAngel Pagan
26.3%
Relief PitcherCarlos Marmol
26.3%
Left FieldJuan Pierre
24.2%
Center FieldDrew Stubbs
23.8%
ShortstopMarco Scutaro
22.9%
Third BaseCasey McGehee
22.1%
Center FieldAndres Torres
22.1%
Left FieldPat Burrell
20.8%
Center FieldFranklin Gutierrez
19.1%
Third BaseCasey Blake
18%
First BaseDaric Barton
16.1%
Relief PitcherDaniel Bard
16.1%
Third BaseChase Headley
15.6%
Second BaseMark Ellis
14.1%
Third BaseJhonny Peralta
13.5%
Relief PitcherChris Perez
12.8%
ShortstopCliff Pennington
11.3%
CatcherYorvit Torrealba
10.7%
Relief PitcherHong-Chih Kuo
8.8%
Relief PitcherEvan Meek
7.1%
Left FieldRyan Raburn
5.1%
Left FieldLaynce Nix
3.6%
ShortstopJamey Carroll
2.4%

You're not logged in!

Compare scores with friends on all Sporcle quizzes.
OR
Log In

Show Comments

Extras

Top Quizzes Today


Score Distribution

Your Account Isn't Verified!

In order to create a playlist on Sporcle, you need to verify the email address you used during registration. Go to your Sporcle Settings to finish the process.

Report this User

Report this user for behavior that violates our Community Guidelines.

Details: